| 000 | 00546nam a2200181Ia 4500 | ||
|---|---|---|---|
| 008 | 180921t2001 xxu||||| |||| 00| 0 sin d | ||
| 041 | _asin | ||
| 080 |
_a579 _bWIJ |
||
| 100 | _aVijayarathna,Chandrani | ||
| 245 | _aව්යවහාරික ක්ෂුද්ර ජිව විද්යාව | ||
| 246 | _aVyavahaarika shudra jeeva vidyaava | ||
| 260 |
_bAthor _c2001 |
||
| 300 | _a192p., ill., 22 cm | ||
| 650 |
_aBiology A/L _aMicrobiology A/L |
||
| 942 | _cBK | ||
| 999 |
_c17539 _d17539 |
||
| 003 | LK-CoDNM | ||
| 040 |
_aLK-CoDNM _dLK-CoDNM _eLK-CoDNM |
||